| 000 | 01021cam a22002651i 4500 | ||
|---|---|---|---|
| 003 | SA-RiAUC | ||
| 005 | 20260215131254.0 | ||
| 008 | 260210s1909 le f 00000 ara c | ||
| 040 |
_aSA-RiAUC _bara _cSA-RiAUC _erda |
||
| 082 | 0 | 4 |
_a340.1 _qSA-RiAUC |
| 090 |
_aم ن 340.1 _bس ل ي |
||
| 100 | 1 |
_aسليم باز، سليم بن رستم بن إلياس، _d1275-1338 هجري _eمؤلف. |
|
| 245 | 1 | 0 |
_aمرقاة علم الحقوق / _cسليم رستم باز. |
| 250 | _aالطبعة الأولى. | ||
| 264 | 1 |
_a[مكان النشر غير محدد] : _b[الناشر غير محدد]، _c1909 |
|
| 264 | 3 |
_aبيروت : _bالمطبعة الأدبية |
|
| 300 |
_a512 صفحة ؛ _c24 سم |
||
| 336 |
_aنص _btxt _2rdacontent _3كتاب |
||
| 337 |
_aبدون وسيط _bn _2rdamedia |
||
| 338 |
_aمجلد _bnc _2rdacarrier |
||
| 650 | 7 |
_aالقانون _xفلسفة _2aucsh |
|
| 650 | 7 |
_aالحقوق المدنية _2aucsh |
|
| 942 |
_2ddc _cRBOOK COPY _n0 |
||
| 949 |
_aSA-JeALM _d260210 _umohamedma123 _n1 |
||
| 999 |
_c14333 _d14333 |
||